|
|
|
|
| LEADER |
00000nab a2200000 a 4500 |
| 001 |
vtls000630712 |
| 003 |
SK-MaSNL |
| 005 |
20260304084149.0 |
| 008 |
250425c1996 xo 0 slo |
| 015 |
|
|
|a SNBRB19rr/mm-uuuuu
|
| 035 |
|
|
|a CL0630851
|
| 035 |
|
|
|a (urnnbn)urn:nbn:sk:snk:ar-00276l
|
| 035 |
|
|
|a (uuid)cbd66a1c-6517-40f9-bd69-c99a8d59811e
|
| 035 |
|
|
|a urn:nbn:sk:snk-ab7r1k
|
| 040 |
|
|
|a SNKBUCL
|b slo
|c SNKBUCL
|e AACR2
|
| 041 |
0 |
|
|a ger
|
| 044 |
|
|
|a xo
|c SK
|
| 080 |
|
|
|a 78.044:78.071.1
|2 1981
|
| 080 |
|
|
|a 78.071.1
|2 1981
|
| 100 |
1 |
|
|a Lindell, Robert
|4 aut
|9 1376219
|
| 245 |
1 |
0 |
|a Christoph Demantius' Tympanum militare
|c Robert Lindell
|
| 600 |
1 |
7 |
|a Demantius, Christoph
|x Tympanum militare - r. 1600, 1615 - informácie
|2 snkbucl
|9 157563
|
| 650 |
0 |
7 |
|a Demantius, Christoph
|2 snkbucl
|9 1376220
|
| 655 |
|
7 |
|a články z novín a časopisov
|2 snkbucl
|9 267496
|
| 773 |
0 |
|
|t Slovenská hudba
|g Roč. 22, č. 3-4 (1996), s. 386-387
|
| 850 |
|
|
|a Slovenská národná knižnica
|
| 852 |
|
|
|a Slovenská národná knižnica
|
| 958 |
|
|
|a article9
|
| 958 |
|
|
|a OND
|
| 958 |
|
|
|a DE
|
| 958 |
|
|
|a RK
|
| 958 |
|
|
|a EUIPO
|
| 992 |
|
|
|a RBX
|
| 999 |
|
|
|c 2802201
|d 2804131
|